Rozvoj energetiky na území hlavného mesta SR Bratislavy. Zborník seminár, Bratislava 22.2.1996

Bibliographic Details
Format: Book
Language:Slovak
PhysicalDescription:110 s. Grafy, mp., sch. 21 cm
Published: Bratislava Dom techniky ZSVTS 1996
ISBN:8023303589
Subjects:

MARC

LEADER 00000cam a2200000 a 4500
001 vtls001192205
003 SK-MaSNL
005 20260301154332.0
008 231120s1996 xo b fr 10000 slo
015 |a SNBA1996/0601461 
020 |a 8023303589 
035 |a SNK000135263 
035 |a urn:nbn:sk:snk-amjr2i 
035 |a urn:nbn:sk:snk:ar-a0cl28 
035 |a dd03e5a4-68eb-46b0-8b03-f1d9de156d17 
040 |a SNK  |b slo  |c SNK  |e AACR2 
041 0 |a slo 
044 |a xo  |c SK 
080 |a 621.31+662.6/.9(082)\  |2 1981 
080 |a 662.6/.9(082)\  |2 1981 
245 0 0 |a Rozvoj energetiky na území hlavného mesta SR Bratislavy. Zborník  |b seminár, Bratislava 22.2.1996 
260 |a Bratislava  |b Dom techniky ZSVTS  |c 1996 
300 |a 110 s.  |b Grafy, mp., sch.  |c 21 cm 
500 |a Aut. kol. 
650 0 7 |a energetika  |z Bratislava (Slovensko)  |x zborníky  |2 SNK  |9 517119 
655 7 |a zborníky konferencií  |2 SNKPH  |9 70153 
655 7 |a issue_zb  |2 SNK  |9 276493 
919 |a 80-233-0358-9 
954 |a odborná, vedecká literatúra pôvodná (slovenská)  |2 lita 
958 |a ART 
958 |a RM 
958 |a OND 
958 |a EUIPO 
999 |c 796449  |d 798379 
952 |t P60, <09>, [BOOK], {629}  |a SNK  |b SNK  |y NEVYP  |7 0  |o snkC 622  |i snk1188/960325  |0 0  |1 0  |4 0  |d 1996-03-22  |l 0  |r 2005-01-01 00:00:00  |w 2026-02-24 
952 |t P60, <03>, [BOOK], {603}  |a SNK  |b SNK  |y PREZ  |7 0  |p 17A0001772  |o snkSC 90247  |i snkKSP 3153/96  |0 0  |1 0  |4 0  |d 1996-03-22  |l 0  |r 2025-09-09 00:00:00  |w 2026-02-24 
952 |t P60, <04>, [BOOK], {604}  |a SNK  |b SNK  |y VYP  |7 0  |p 17A0001773  |o snkSC 90247 D1  |i snkKSP 3154/96  |0 0  |1 0  |4 0  |d 1996-03-22  |l 0  |r 2005-01-01 00:00:00  |w 2026-02-24